| 000 | 00502nam a2200157 4500 | ||
|---|---|---|---|
| 020 | _a0192153455 | ||
| 082 | 0 | 0 |
_a327 _bVIT _cL-6,P-27 |
| 100 | 1 |
_aVital, David. _938065 |
|
| 245 | 1 | 4 |
_aThe survival of small states: _bstudies in small power/great power conflict. |
| 260 |
_aLondon, _aNew York, _bOxford University Press, _c1971. |
||
| 300 |
_avii, 136 p. _c23 cm. |
||
| 526 |
_a0 _b0 _c0 _d327_000000000000000_VIT |
||
| 650 | 0 |
_aMCE _9379 |
|
| 650 | 0 |
_aStates, Small _xCase studies. _938066 |
|
| 942 |
_2ddc _cBK |
||
| 999 |
_c542748 _d542748 |
||